The Entrepreneurial Finance and the Issue of Funding Startup Companies

Vznik podnikateľského financovania. Základné mechanizmy podnikateľského financovania a jeho vzťahu s podnikom v počiatočných fázach. Teoretický aspekt. Rozvíjajúca sa organizácia - vývoj realít startupov.

Gespeichert in:
Bibliographische Detailangaben
1. Verfasser: Mustapha, Achibane
Weitere Verfasser: Tlaty, Jamal
Format: Buchkapitel
Sprache:Englisch
Schlagworte:
Tags: Tag hinzufügen
Keine Tags, Fügen Sie das erste Tag hinzu!

MARC

LEADER 00000nla a2200000 4500
001 0246314
005 20220803170636.2
041 0 |a eng 
044 |a MK 
245 1 0 |a The Entrepreneurial Finance and the Issue of Funding Startup Companies  |c Achibane Mustapha, Jamal Tlaty 
520 |a Vznik podnikateľského financovania. Základné mechanizmy podnikateľského financovania a jeho vzťahu s podnikom v počiatočných fázach. Teoretický aspekt. Rozvíjajúca sa organizácia - vývoj realít startupov. 
610 2 0 |a start-up 
610 2 0 |a rozvoj investičný 
610 2 0 |a financovanie 
610 2 0 |a financovanie podnikov 
610 2 0 |a teórie ekonomické 
100 1 |a Mustapha, Achibane 
700 1 |a Tlaty, Jamal